00417nam a2200145Ia 450000500170000000800410001702000150005808200210007310000190009424500600011326000440017330000180021765000220023565000140025720250120024454.0240331s9999 xx 000 0 und d a9556070435 bADI25620a305.4 aAdikaram, A. S 0aIs Sexual Harassment A Problem At Sri Lanka Workplaces? aColombobFriedrich-Ebert-Stiftungc2005 axvii, 194 p., aSexual Harassment aWorkplace